[Event "Caissa Guatemala Online"]
[Site "Chess.com INT"]
[Date "2021.01.23"]
[Round "2"]
[White "Lopez, Moises Antonio"]
[Black "Garcia Medina, Jose Ignacio"]
[Result "1-0"]
[WhiteElo "1688"]
[BlackElo "1253"]
[PlyCount "75"]
[EventDate "2021.01.23"]
[EventType "swiss (blitz)"]
[EventRounds "7"]
[EventCountry "GUA"]
[SourceTitle "CBM 200 Extra"]
[Source "ChessBase"]
[SourceDate "2021.03.31"]
[SourceVersion "1"]
[SourceVersionDate "2021.03.31"]
[SourceQuality "1"]

1. d4 Nf6 2. c4 d5 3. Nc3 e6 4. cxd5 exd5 5. Bg5 Be7 6. e3 h6 7. Bh4 0-0 8. Bd3 Nc6 9. Nf3 Bb4 10. 0-0 Bg4 11. a3 Be7 12. b4 a6 13. h3 Bxf3 14. Qxf3 Qd6 15. Bxf6 Bxf6 16. Qxd5 Qxd5 17. Nxd5 Bd8 18. Rfc1 Rc8 19. b5 axb5 20. Bxb5 Ne7 21. Bd7 Rb8 22. Nxe7+ Bxe7 23. Rxc7 Bd6 24. Rc3 b5 25. Rb1 Rfd8 26. Bxb5 Rd7 27. a4 Ra7 28. Rbc1 Raa8 29. e4 f6 30. Rc6 Bf4 31. R1c2 Rxa4 32. g3 Ra1+ 33. Kg2 Bxg3 34. Rc8+ Rxc8 35. Rxc8+ Kf7 36. Kxg3 Ra3+ 37. f3 Rb3 38. Bc4+ 1-0